Public finance /

Bibliographic Details
Main Author: Harvey S. Rosen
Format: Unknown
Edition:Tenth edition.
LEADER 00208 a2200097 4500
020 |a 9780077154691 
100 |a Harvey S. Rosen.  |9 60730 
245 |a Public finance / 
250 |a Tenth edition. 
942 |c BK 
999 |c 47955  |d 47955